00549nam a2200169Ia 4500008004100000082001400041100002900055245007300084250000800157260003000165300000700195500002400202650002400226942000700250952010500257999001700362230524s9999 xx 000 0 und d a5.15bGOP aS.Chandra (Editor)98625 0aEternal Quest (Life & Times of- Avul Pakir Jainulabdeen Abdul Kalam) a1ST aNEW DELHIbPentagonc2003 a62 aQuantity Number: 1 aMiscellaneous91877 cBK 00104070aTATCLbTATCLcGENd2023-05-24l0o005.15 GOPp7940r2023-05-24w2023-05-24yBKzBSCC2101 c12508d12508